000 00954nam a22002535i 4500
001 168192
003 ES-MaACL
005 20250717013106.0
008 051005s1885 fr | |||||||| ||fre d
040 _aCAM
_bspa
_cCAM
100 1 _aZola, Émile,
_d1840-1902
_9118331
245 1 0 _aGerminal /
_cpar Émile Zola.
260 _aParis :
_bG. Charpentier,
_c1885 (
_eCorbeil :
_fTyp. et stér. Crété)
300 _a591 p. ;
_c19 cm.
490 1 _aBibliothèque Charpentier
490 1 _aLes Rougon-Macquart. Histoire naturelle et sociale d'une famille sous le Second Empire
500 _aEn port.: Vingt-Deuxième-Mille.
752 _aFrancia -
_dParís
752 _aFrancia -
_dCorbeil
830 0 0 _aBibliothèque Charpentier
_9182245
830 0 0 _aLes Rougon-Macquart: histoire naturelle et sociale d'une famille sous le Second Empire
_9188784
852 _aES-MaACL
_jB-3251
_z-- Enc. pasta española
999 _c168192
_d168192